|
|
|
|
| LEADER |
00000nab a2200000 a 4500 |
| 001 |
vtls000548742 |
| 003 |
SK-MaSNL |
| 005 |
20260426080329.0 |
| 008 |
250425c1995 xo 0 slo |
| 015 |
|
|
|a SNBRB19rr/mm-uuuuu
|
| 035 |
|
|
|a CL0548880
|
| 035 |
|
|
|a urn:nbn:sk:snk-abal2c
|
| 035 |
|
|
|a (urnnbn)urn:nbn:sk:snk:ar-008453
|
| 035 |
|
|
|a (uuid)f86acd30-d2e9-48fc-b650-a4130c0a5aa6
|
| 040 |
|
|
|a SNKBUCL
|b slo
|c SNKBUCL
|e AACR2
|
| 041 |
0 |
|
|a slo
|
| 044 |
|
|
|a xo
|c SK
|
| 080 |
|
|
|a 32.019.5(437.6)
|2 1981
|
| 080 |
|
|
|a 659.4
|2 1981
|
| 080 |
|
|
|a 002.6(437.6)
|2 1981
|
| 100 |
1 |
|
|a Ferko, Andrej,
|d 1955-
|4 aut
|9 103705
|
| 245 |
1 |
0 |
|a Márne kvílenie
|c Andrej Ferko
|
| 300 |
|
|
|b Fotogr. 1
|
| 650 |
0 |
7 |
|a politika informačná
|2 snkbucl
|9 989957
|
| 651 |
|
7 |
|a Slovensko
|2 snkbucl
|9 14231
|
| 655 |
|
7 |
|a články z novín a časopisov
|2 snkbucl
|9 267496
|
| 773 |
0 |
|
|t Literárny týždenník
|g Roč. 8, č. 16 (1995), s. 12
|x 0862-5999
|
| 850 |
|
|
|a Slovenská národná knižnica
|
| 852 |
|
|
|a Slovenská národná knižnica
|
| 954 |
|
|
|a odborná, vedecká literatúra pôvodná (slovenská)
|2 lita
|
| 958 |
|
|
|a article14
|
| 958 |
|
|
|a RK
|
| 958 |
|
|
|a SK
|
| 958 |
|
|
|a OND
|
| 958 |
|
|
|a EUIPO
|
| 999 |
|
|
|c 2804413
|d 2806343
|